Interaktívna 3D vizualizácia modelu budovy
Saved in:
| Main Author: | |
|---|---|
| Other Authors: | |
| Format: | Manuscript Book |
| Language: | Slovak |
| Published: |
2025
|
| Subjects: | |
| Online Access: | http://is.stuba.sk/zp/portal_zp.pl?podrobnosti=184411 |
| Tags: |
No Tags, Be the first to tag this record!
|
MARC
| LEADER | 00000ntm a22000003a 4500 | ||
|---|---|---|---|
| 001 | stuzp102332 | ||
| 003 | SK-STU | ||
| 005 | 20250614211152.1 | ||
| 007 | ta | ||
| 008 | 150427s2015----xo-----f-mn---000-0-slo-d | ||
| 040 | |a STU |b slo | ||
| 041 | 0 | |a slo | |
| 100 | 1 | |a Mihalik, Oskar |u 030400 |4 aut |U FEI Fakulta elektrotechniky a informatiky |T FEI Ústav automobilovej mechatroniky |X 111982 |U E400 |Y 642 |7 111982 | |
| 242 | 0 | 1 | |a Interactive 3D visualisation of the building model |y eng |
| 245 | 1 | 0 | |a Interaktívna 3D vizualizácia modelu budovy |
| 260 | |c 2025 | ||
| 650 | 4 | |a annotations |2 eng | |
| 650 | 4 | |a collaboration |2 eng | |
| 650 | 4 | |a Bevy |2 eng | |
| 650 | 4 | |a Rust |2 eng | |
| 650 | 4 | |a interactivity |2 eng | |
| 650 | 4 | |a 3D visualization |2 eng | |
| 650 | 4 | |a application architecture |2 eng | |
| 650 | 4 | |a WebAssembly |2 eng | |
| 650 | 4 | |a architektúra aplikácií |2 slo | |
| 650 | 4 | |a anotácie |2 slo | |
| 650 | 4 | |a kolaborácia |2 slo | |
| 650 | 4 | |a Bevy |2 slo | |
| 650 | 4 | |a Rust |2 slo | |
| 650 | 4 | |a WebAssembly |2 slo | |
| 650 | 4 | |a interaktivita |2 slo | |
| 650 | 4 | |a 3D vizualizácia |2 slo | |
| 700 | 1 | |a Kučera, Erik |u 030400 |k Z1 |4 ths |U FEI Fakulta elektrotechniky a informatiky |T FEI Ústav automobilovej mechatroniky |X 55901 |U E400 |Y 642 |7 A000055901 | |
| 856 | 4 | |u http://is.stuba.sk/zp/portal_zp.pl?podrobnosti=184411 | |